<?xml version="1.0" encoding="UTF-8"?>
<record
    xmlns:xsi="http://www.w3.org/2001/XMLSchema-instance"
    xsi:schemaLocation="http://www.loc.gov/MARC21/slim http://www.loc.gov/standards/marcxml/schema/MARC21slim.xsd"
    xmlns="http://www.loc.gov/MARC21/slim">

  <leader>00772nam a2200241 a 4500</leader>
  <controlfield tag="001">65336</controlfield>
  <controlfield tag="003">BD-RjUL</controlfield>
  <controlfield tag="005">20211209081418.0</controlfield>
  <controlfield tag="008">170304s1931    nyu      b    001 0 eng  </controlfield>
  <datafield tag="035" ind1=" " ind2=" ">
    <subfield code="a">(BD-RjUL)65466</subfield>
  </datafield>
  <datafield tag="040" ind1=" " ind2=" ">
    <subfield code="a">DLC</subfield>
    <subfield code="c">YNG</subfield>
    <subfield code="d">BD-RjUL</subfield>
    <subfield code="b">eng</subfield>
  </datafield>
  <datafield tag="041" ind1=" " ind2=" ">
    <subfield code="a">eng</subfield>
  </datafield>
  <datafield tag="082" ind1=" " ind2=" ">
    <subfield code="a">817.09</subfield>
    <subfield code="2">23</subfield>
    <subfield code="b">ROA 1931</subfield>
  </datafield>
  <datafield tag="100" ind1="1" ind2=" ">
    <subfield code="a">Rourke, Constance,</subfield>
    <subfield code="d">1885-1941.</subfield>
    <subfield code="9">193387</subfield>
  </datafield>
  <datafield tag="245" ind1="1" ind2="0">
    <subfield code="a">American humor :</subfield>
    <subfield code="b">a study of the national character /</subfield>
    <subfield code="c">by Constance Rourke.</subfield>
  </datafield>
  <datafield tag="260" ind1=" " ind2=" ">
    <subfield code="a">New York :</subfield>
    <subfield code="b">Harcourt, Brace and Company,</subfield>
    <subfield code="c">c1931.</subfield>
  </datafield>
  <datafield tag="300" ind1=" " ind2=" ">
    <subfield code="a">x, 253 p. ;</subfield>
    <subfield code="c">18 cm.</subfield>
  </datafield>
  <datafield tag="500" ind1=" " ind2=" ">
    <subfield code="a">Includes index.</subfield>
  </datafield>
  <datafield tag="650" ind1=" " ind2="0">
    <subfield code="a">American wit and humor</subfield>
    <subfield code="x">History and criticism.</subfield>
    <subfield code="9">193388</subfield>
  </datafield>
  <datafield tag="650" ind1=" " ind2="0">
    <subfield code="a">American literature</subfield>
    <subfield code="x">History and criticism.</subfield>
    <subfield code="9">185062</subfield>
  </datafield>
  <datafield tag="942" ind1=" " ind2=" ">
    <subfield code="2">ddc</subfield>
    <subfield code="c">BK</subfield>
  </datafield>
  <datafield tag="999" ind1=" " ind2=" ">
    <subfield code="c">65336</subfield>
    <subfield code="d">65336</subfield>
  </datafield>
  <datafield tag="952" ind1=" " ind2=" ">
    <subfield code="0">0</subfield>
    <subfield code="1">0</subfield>
    <subfield code="2">ddc</subfield>
    <subfield code="4">0</subfield>
    <subfield code="7">1</subfield>
    <subfield code="8">NFIC</subfield>
    <subfield code="a">RUCL</subfield>
    <subfield code="b">RUCL</subfield>
    <subfield code="c">Reading</subfield>
    <subfield code="d">1990-09-11</subfield>
    <subfield code="e">Sowkot osman</subfield>
    <subfield code="g">0.00</subfield>
    <subfield code="l">0</subfield>
    <subfield code="o">817.09 ROA 1931</subfield>
    <subfield code="r">2017-03-04 00:00:00</subfield>
    <subfield code="t">C-1</subfield>
    <subfield code="w">2017-03-04</subfield>
    <subfield code="y">BK</subfield>
  </datafield>
  <datafield tag="952" ind1=" " ind2=" ">
    <subfield code="0">0</subfield>
    <subfield code="1">0</subfield>
    <subfield code="2">ddc</subfield>
    <subfield code="4">0</subfield>
    <subfield code="7">0</subfield>
    <subfield code="8">NFIC</subfield>
    <subfield code="a">RUCL</subfield>
    <subfield code="b">RUCL</subfield>
    <subfield code="c">Stack</subfield>
    <subfield code="d">2020-02-20</subfield>
    <subfield code="l">0</subfield>
    <subfield code="o">817.09 ROA 1931</subfield>
    <subfield code="r">2020-02-20 00:00:00</subfield>
    <subfield code="t">C-2</subfield>
    <subfield code="w">2020-02-20</subfield>
    <subfield code="y">BK</subfield>
  </datafield>
</record>
